<?xml version="1.0" encoding="UTF-8"?>
<record
    xmlns:xsi="http://www.w3.org/2001/XMLSchema-instance"
    xsi:schemaLocation="http://www.loc.gov/MARC21/slim http://www.loc.gov/standards/marcxml/schema/MARC21slim.xsd"
    xmlns="http://www.loc.gov/MARC21/slim">

  <leader>01187nam a2200289 i 4500</leader>
  <controlfield tag="003">CSPC</controlfield>
  <controlfield tag="005">20250813104525.0</controlfield>
  <controlfield tag="008">250806s2020    ii a     b    001 0 eng d</controlfield>
  <datafield tag="020" ind1=" " ind2=" ">
    <subfield code="a">9789350147023</subfield>
  </datafield>
  <datafield tag="040" ind1=" " ind2=" ">
    <subfield code="c">CSPC</subfield>
    <subfield code="a">CSPC</subfield>
    <subfield code="b">eng</subfield>
    <subfield code="e">rda</subfield>
  </datafield>
  <datafield tag="082" ind1="0" ind2="4">
    <subfield code="a">741.6</subfield>
    <subfield code="b">G767</subfield>
  </datafield>
  <datafield tag="245" ind1="0" ind2="4">
    <subfield code="a">The graphic expression of interior design analysis / </subfield>
    <subfield code="c">edited by Liu Xu.</subfield>
  </datafield>
  <datafield tag="250" ind1=" " ind2=" ">
    <subfield code="a">First Indian edition.</subfield>
  </datafield>
  <datafield tag="264" ind1=" " ind2="1">
    <subfield code="a">New Delhi : </subfield>
    <subfield code="b">S.K. Kataria &amp; Sons, </subfield>
    <subfield code="c">2020 ; Reprint 2022.</subfield>
  </datafield>
  <datafield tag="300" ind1=" " ind2=" ">
    <subfield code="a">v, 264 pages : </subfield>
    <subfield code="b">illustrations ; </subfield>
    <subfield code="c">24 cm. </subfield>
  </datafield>
  <datafield tag="336" ind1=" " ind2=" ">
    <subfield code="2">rdacontent</subfield>
    <subfield code="a">text</subfield>
  </datafield>
  <datafield tag="337" ind1=" " ind2=" ">
    <subfield code="2">rdamedia</subfield>
    <subfield code="a">unmediated</subfield>
  </datafield>
  <datafield tag="338" ind1=" " ind2=" ">
    <subfield code="2">rdacarrier</subfield>
    <subfield code="a">volume</subfield>
  </datafield>
  <datafield tag="504" ind1=" " ind2=" ">
    <subfield code="a">Includes bibliographical references and index.</subfield>
  </datafield>
  <datafield tag="505" ind1="0" ind2=" ">
    <subfield code="a">Design analysis reason -- Design analysis purpose and process -- Design analysis methods and preparation -- Design analysis model -- Design analysis care. </subfield>
  </datafield>
  <datafield tag="650" ind1=" " ind2="4">
    <subfield code="a">Computer-aided drawing.</subfield>
  </datafield>
  <datafield tag="650" ind1=" " ind2="4">
    <subfield code="a">Interior design</subfield>
    <subfield code="x">Study and teaching.</subfield>
  </datafield>
  <datafield tag="650" ind1=" " ind2="4">
    <subfield code="a">Interior decoration</subfield>
    <subfield code="x">Designs and plans.</subfield>
  </datafield>
  <datafield tag="700" ind1="1" ind2=" ">
    <subfield code="a">Xu, Liu, </subfield>
    <subfield code="e">editor.</subfield>
  </datafield>
  <datafield tag="942" ind1=" " ind2=" ">
    <subfield code="2">ddc</subfield>
    <subfield code="n">0</subfield>
    <subfield code="c">BK</subfield>
    <subfield code="h">741.6</subfield>
    <subfield code="i">G767</subfield>
    <subfield code="k">ENG</subfield>
    <subfield code="m">2020</subfield>
  </datafield>
  <datafield tag="952" ind1=" " ind2=" ">
    <subfield code="0">0</subfield>
    <subfield code="1">0</subfield>
    <subfield code="2">ddc</subfield>
    <subfield code="4">0</subfield>
    <subfield code="7">0</subfield>
    <subfield code="a">CSPC</subfield>
    <subfield code="b">CSPC</subfield>
    <subfield code="c">ENG</subfield>
    <subfield code="d">2025-08-06</subfield>
    <subfield code="l">0</subfield>
    <subfield code="o">ENG 741.6 G767 2020</subfield>
    <subfield code="p">030036</subfield>
    <subfield code="r">2025-08-06 15:24:36</subfield>
    <subfield code="t">1-1</subfield>
    <subfield code="w">2025-08-06</subfield>
    <subfield code="y">BK</subfield>
  </datafield>
  <datafield tag="999" ind1=" " ind2=" ">
    <subfield code="c">29902</subfield>
    <subfield code="d">29902</subfield>
  </datafield>
</record>
